000 00830nam a2200265Ia 4500
003 OSt
005 20221006155946.0
006 a|||||r|||| 00| 0
007 ta
008 221006b |||||||| |||| 00| 0 eng d
020 _a9780415548809
_c
_41.54
024 _a43,942
037 _bGift, Korean Embassy (Window on Korea)
_cTextual
040 _aEASL
_cEASL
_beng
041 _2eng
_aeng
082 _az495, Q0
100 _aUden Martin
_9671237
245 0 _aTimes past in Korea
_b An illustrated collection of encounters, events customs and daily life recorded by foreign visitors
260 _aLondon
_bRoutledge
_c2010
300 _a371p.
_ccm.
490 _v KEL
650 _aKEL
942 _hz495, Q0
_cTEXL
_2CC
999 _c1112034
_d1112034